LEADER 00909nam0-22003011i-450- 001 990005340610403321 005 20090916103017.0 010 $a0-8018-2200-9 035 $a000534061 035 $aFED01000534061 035 $a(Aleph)000534061FED01 035 $a000534061 100 $a19990604d1979----km-y0itay50------ba 101 0 $aeng 105 $ay-------001yy 200 1 $a<>best of the Achaeans$econcepts of the hero in archaic greek poetry$fGregory Nagy 210 $aBaltimore$cJohns Hopkins University Press$d©1979 215 $aXVI, 392 p.$d24 cm 610 0 $aPoesia greca arcaica$aConcezione dell'eroe 676 $a881.01 700 1$aNagy,$bGregory$0169582 801 0$aIT$bUNINA$gRICA$2UNIMARC 901 $aBK 912 $a990005340610403321 952 $aP2B-250-NAGY G.-1979$bANT. G.R 4227$fFLFBC 959 $aFLFBC 996 $aBest of the Achaeans$985001 997 $aUNINA LEADER 01351nam2-2200397li-450 001 990000231260203316 005 20180312154729.0 010 $a0-8247-8676-9 035 $a0023126 035 $aUSA010023126 035 $a(ALEPH)000023126USA01 035 $a0023126 100 $a2001998101992-------y0itay0103----ba 101 0 $aeng 102 $aUS 200 1 $aDifference equations and inequalities$etheory, methods, and applications$fRavi P. Agarwal 210 $aNew York$cMarcel Dekker$dcopyr. 1992 215 $aXIII, 777 p.$cill.$d23 cm 225 2 $aa series of monographs and textbooks$v155 410 0$10010023065$12001$aa series of monographs and textbooks$vPure and applied mathematics 610 1 $adisequazioni 610 1 $aequazioni differenziali 676 $a515625$9Equazioni alle differenze finite 700 1$aAgarwal,$bRavi P.$041786 801 $aSistema bibliotecario di Ateneo dell' Universitą di Salerno$gRICA 912 $a990000231260203316 951 $a515 PAMD (155) (A)$b22455/CBS$c515$d00219698 959 $aBK 969 $aSCI 979 $c19981001 979 $c20001110$lUSA01$h1714 979 $c20020403$lUSA01$h1631 979 $aPATRY$b90$c20040406$lUSA01$h1617 979 $aRSIAV7$b90$c20090513$lUSA01$h1020 996 $aDifference equations and inequalities$981742 997 $aUNISA